Statistics for Every A Boogie Wit Da Hoodie Song on the Billboard Hot 100

Click here to take the quiz!

General Stats

  • This quiz has been taken 112 times
    (22 since last reset)
  • The average score is 7 of 31

Answer Stats

#YearSong% Correct
382017Drowning ft. Kodak Black
67%
272019Look Back At It
62%
582020Me And My Guitar
57%
382019Swervin ft. 6ix9ine
57%
862017My Sh*t
52%
232020Numbers ft. Roddy Ricch, Gunna & London On Da Track
33%
752017Say A'
33%
902019Demons And Angels ft. Juice WRLD
24%
692020King Of My City
24%
592019Startender ft. Offset & Tyga
24%
732020Thug Love
24%
812019Baguettes In The Face (DJ Mustard) ft. NAV & Playboi Carti
19%
572020Bleed
19%
842021Hello (Pop Smoke)
19%
762019Mood Swings
19%
862017Beast Mode ft. PnB Rock & YoungBoy Never Broke Again
14%
952020Cinderella Story
14%
862017Timeless ft. DJ SPINKING
14%
732019Tip Toe (Roddy Ricch)
14%
432018KEKE (6ix9ine & Fetty Wap)
10%
462017Pills And Automobiles (Chris Brown) ft. Yo Gotti & Kodak Black
10%
732019Right Back (Khalid)
10%
512018WAKA (6ix9ine)
10%
712020DROP ft. Dababy & London On Da Track
5%
662020Might Not Give Up ft. Young Thug
5%
742017No Promises
5%
492019Reply ft. Lil Uzi Vert
5%
962019Somebody (Internet Money & Lil Tecca)
5%
802020Stain ft. Dababy
5%
682019Stretch You Out (Summer Walker)
5%
842017Undefeated ft. 21 Savage
5%

Score Distribution

Percentile by Number Answered

Percent of People with Each Score

Your Score History

You have not taken this quiz since the last reset